Deadlock why are the characters trying summon the patron - Statistics

General Stats
  • This quiz has been taken 19 times
    14 since last reset
  • The average score is 17 of 29
Answer Stats
Hint Answer % Correct
To rid him of the tome Abrams
100%
Reclaim their title as heir to Fairfax Industries Pocket
100%
To cure a loved one Bebop
88%
Get their body back Dynamo
88%
Save their bar Infernus
88%
Learn about what happened on their last expedition Kelvin
88%
Undo the pact they made with Oathkeeper Lady Geist
88%
To make the Tunnel Rats rule New York Mo & Krill
88%
To reach apotheosis Seven
88%
To stop the adversary from destroying The Deep Viscous
88%
Kill the Troubadour Holliday
75%
To silence anyone who critcizes him Lash
75%
To acquire Wyoming Mirage
75%
To get a divorce Sinclair
75%
To destroy humanity and protect the supernatural Vindicta
75%
Use the patrons’ power to destroy them Warden
75%
For the Seventh Moon to rule New York Yamato
75%
Find out about who killed their family Grey Talon
63%
Find a purpose beyond protecting Harlem Ivy
63%
Live out their own dreams haze
50%
To stop The Adversary from usurping his place as the Scourge of the Deep Fathom
25%
For the challenge Mcginnis
25%
Showcase their weapons Calico
13%
Enshrine their name into legend Paradox
13%
Tether Catherines spirit to a mortal coil Raven
13%
To have peace of mind Shiv
13%
To get Knickerbocker season tickets Trapper
13%
To secure the legacy their father left behind Wraith
13%
To feast on flesh Wrecker
13%
No matching quizzes found
Score Distribution
Percent of People with Each Score
Percentile by Number Answered
Your Score History
You have not taken this quiz since the last reset